Statistics for "W" Antonyms

Click here to take the quiz!

General Stats

  • This quiz has been taken 69 times
  • The average score is 18 of 20

Answer Stats

WordW Antonyms% Correct
EastWest
100%
DryWet
100%
BlackWhite
100%
HusbandWife
100%
LoseWin
100%
SummerWinter
100%
MenWomen
100%
CorrectWrong
100%
BestWorst
98%
NarrowWide
97%
BetterWorse
95%
PeaceWar
93%
IceWater
93%
PowerfulWeak
93%
DivorceWedding
88%
PartWhole
86%
ILLWell
71%
DomesticWild
68%
LostWon
58%
JoyWoe
47%

Score Distribution

Percentile by Number Answered

Percent of People with Each Score

Your Score History

You have not taken this quiz